| 000 | 00484nam a2200133 a 4500 | ||
|---|---|---|---|
| 008 | 120416s1969 ||||||||||||||||| || u | ||
| 050 | _aTK 7885 Ket | ||
| 100 | _aKetter, Robert L | ||
| 245 | 1 | 0 | _aModern methods of engineering computation |
| 260 |
_aNew York _bMcGraw-Hill _c1969 |
||
| 300 | _axiv, 492p. : ill | ||
| 350 | _a0.00 | ||
| 995 |
_D0.00 _FCBU-MAIN LIBRARY (Kitwe) _H1 _I4.75 _UAVAILABLE _ZMain Library Open Access Collection |
||
| 999 |
_c51489 _d51489 |
||